antybiotyki grupy + substancje wet - Statystyki

Ogólne statystyki
  • Ten quiz został rozwiązany 14 razy
  • Średni wynik to 16 z 125
Statystyki odpowiedzi
Hint Odpowiedź % Poprawnych
Glikopeptydowe wankomycyna
50%
Aminopenicyliny ampicylina
42%
Makrolidy klarytromycyna
42%
Linkozamidy klindamycyna
42%
Nitroimidazole metronidazol
42%
Cefalosporyny I generacji cefaleksyna
33%
Fluorochinolony III generacja enrofloksacyna
33%
Nitrofurany furagina
33%
Makrolidy spiramycyna
33%
Tetracykliny tetracyklina
33%
Makrolidy azytromycyna
25%
Cefalosporyny III generacji ludzkie ceftriakson
25%
Cefalosporyny II generacji cefuroksym
25%
Fenikole chloramfenikol
25%
Tetracykliny doksycyklina
25%
Makrolidy erytromycyna
25%
Fenikole florfenikol
25%
Penicyliny o wąskim zakresie działania niewrażliwe na penicylinazy kloksacylina
25%
Polipeptydowe kolistyna
25%
Linkozamidy linkomycyna
25%
Fluorochinolony III generacja marbofloksacyna
25%
Tetracykliny oksytetracyklina
25%
Fluorochinolony III generacja orbifloksacyna
25%
Nitroimidazole ronidazol
25%
Aminoglikozydy streptomycyna
25%
Polipeptydowe bacytracyna
17%
Aminopenicyliny bakampicylina
17%
Cefalosporyny II generacji cefamandol
17%
Cefalosporyny I generacji cefapiryna
17%
Cefalosporyny I generacji cefazolina
17%
Cefalosporyny I generacji cefradyna
17%
Cefalosporyny III generacji ludzkie ceftazydym
17%
Cefalosporyny III generacji weterynaryjne do iniekcji ceftiofur
17%
Fluorochinolony III generacja cyprofloksacyna
17%
Aminoglikozydy gentamycyna
17%
Karbapenemy imipenem
17%
Fluorochinolony I generacja kwas nalidyksowy
17%
Karbapenemy meropenem
17%
Penicyliny o wąskim zakresie działania niewrażliwe na penicylinazy metycylina
17%
Aminoglikozydy neomycyna
17%
Nitrofurany nifuroksazyd
17%
Penicyliny o wąskim zakresie działania niewrażliwe na penicylinazy oksacylina
17%
Aminopenicyliny pifampicylina
17%
Ureidopenicyliny piperacylina
17%
Polipeptydowe polimyksyna B
17%
Fluorochinolony działające na beztlenowce pradofloksacyna
17%
Aminopenicyliny talampicylina
17%
Fenikole tiamfenikol
17%
Pleuromutyliny tiamulina
17%
Aminoglikozydy tobramycyna
17%
Makrolidy tulatromycyna
17%
Makrolidy tylozyna
17%
Aminoglikozydy amikacyna
8%
Aminopenicyliny amoskycylina
8%
Ureidopenicyliny azlocylina
8%
Monobaktamy aztreonam
8%
Cefalosporyny I generacji cefacetryl
8%
Cefalosporyny I generacji cefadroksyl
8%
Cefalosporyny II generacji cefaklor
8%
Cefalosporyny I generacji cefalonium
8%
Cefomycyny cefoksytyna
8%
Cefomycyny cefotetan
8%
Cefalosporyny III generacji weterynaryjne do iniekcji cefowecyna
8%
Cefalosporyny III generacji weterynaryjne doustne cefpodoksym
8%
Cefalosporyny II generacji cefprozil
8%
Tetracykliny chlortetracyklina
8%
Fluorochinolony III generacja danofloksacyna
8%
Fluorochinolony IV generacja difloksacyna
8%
Aminoglikozydy dihydrostreptomycyna
8%
Penicyliny o wąskim zakresie działania niewrażliwe na penicylinazy dikloksacylina
8%
Karbapenemy doripenem
8%
Karbapenemy ertapenem
8%
Penicyliny o wąskim zakresie działania niewrażliwe na penicylinazy flukloksacylina
8%
Fluorochinolony II generacja flumechina
8%
Nitrofurany furazolidon
8%
Karboksypenicyliny karbenicylina
8%
Nitroimidazole karnidazol
8%
Monobaktamy karumonam
8%
Fluorochinolony I generacja kwas oksolinowy
8%
Fluorochinolony I generacja kwas pipemidowy
8%
Fluorochinolony działające na beztlenowce lewofloksacyna
8%
Tetracykliny limecyklina
8%
Ureidopenicyliny mezlocylina
8%
Tetracykliny minocyklina
8%
Fluorochinolony działające na beztlenowce moksyfloksacyna
8%
Penicyliny o wąskim zakresie działania niewrażliwe na penicylinazy nafcylina
8%
Fluorochinolony III generacja ofloksacyna
8%
Aminoglikozydy paromomycyna
8%
Linkozamidy pirlimycyna
8%
Glikopeptydowe teikoplanina
8%
Penicyliny o wąskim zakresie działania niewrażliwe na penicylinazy temocylina
8%
Monobaktamy tigemonam
8%
Tetracykliny tygecyklina
8%
Makrolidy tylmikozyna
8%
Pleuromutyliny walnemulina
8%
Karbapenemy biapenem
0%
Cefalosporyny III generacji ludzkie cefoperazon
0%
Cefalosporyny III generacji ludzkie cefotaksym
0%
Cefalosporyny II generacji ceftiofam
0%
Makrolidy diritromycyna
0%
Fluorochinolony działające na beztlenowce gatyfloksacyna
0%
Fluorochinolony III generacja ibafloksacyna
0%
Makrolidy josamycyna
0%
Aminoglikozydy kanamycyna
0%
Karboksypenicyliny karfecylina
0%
Karboksypenicyliny karyndacylina
0%
Fluorochinolony działające na beztlenowce klinafloksacyna
0%
Tetracykliny klomecyklina
0%
Makrolidy miekamycyna
0%
Aminoglikozydy netylmycyna
0%
Nitroimidazole nimorazol
0%
Nitrofurany nitrofurantoina
0%
Fluorochinolony III generacja norfloksacyna
0%
Makrolidy oleandomycyna
0%
Nitroimidazole ornidazol
0%
Fluorochinolony III generacja pefloksacyna
0%
Makrolidy rokitamycyna
0%
Makrolidy roksytromycyna
0%
Tetracykliny rolitetracyklina
0%
Fluorochinolony III generacja sarafloksacyna
0%
Aminoglikozydy sisomycyna
0%
Makrolidy tildipirozyna
0%
Nitroimidazole tinidazol
0%
Karboksypenicyliny tykarcylina
0%
Makrolidy tylwalozyna
0%
Nie znaleziono quizów pasujących do podanych kryteriów
Rozkład punktacji
Procent ludzi z każdym wynikiem
Percentyl według liczby udzielonych odpowiedzi
Twoja historia wyników
Nie rozwiązałeś tego quizu